Chinese / (Record no. 7569)

MARC details
000 -LEADER
fixed length control field 01266cam a2200193 a 4500
020 ## - INTERNATIONAL STANDARD BOOK NUMBER
ISBN 0844237574 (pbk.) :
022 ## - INTERNATIONAL STANDARD SERIAL NUMBER
ISSN 9780844237572
050 00 - CALL NUMBER
Classification number PL1129.E5
Item number S28
100 1# - AUTHOR
Personal name Scurfield, Elizabeth.
245 10 - TITLE
Title Chinese /
Statement of responsibility, etc Elizabeth Scurfield.
260 ## - PUBLICATION INFORMATION
Place of publication Lincolnwood, Ill. :
Name of publisher NTC Pub. Group,
Year of publication 1992.
300 ## - DESCRIPTION
Number of Pages xxii, 346 p. :
Other physical details ill. ;
Dimensions 20 cm.
500 ## - NOTES
General note "A complete course for beginners"--Cover.
500 ## - NOTES
General note Originally published: Hodderand Stoughton.
505 ## - FORMATTED CONTENTS NOTE
Table of Content 1. Making Friends (i)<br/>2. Making Friends(ii)<br/>3. Making Friends (iii)<br/>4. At the Lis's (i)<br/>5. At he Lis's (ii)<br/>6. In the House<br/>7. My Family<br/>8. My Home<br/>9. Hotels<br/>10. Weather, Dates and Seasons<br/>11. In the Restaurant<br/>12. Grammar Review<br/>13. An Introduction to Chinese Character<br/>14. Shopping<br/>15. Buying Tickets<br/>16. Buying Tickets<br/>17. Directions and Transport<br/>18. At the Post Office<br/>19. At the Railway Station<br/>20. Change Money?<br/>21. Taveller's Note<br/>22. Farewell o All That!<br/>Key to Exercise<br/>Chinese-English Vocabulary<br/>English-Chinese Vocabulary<br/>Character text for Chapters 1-5 and 7-11<br/>Index to Grammar and Cultural References
650 #0 - SUBJECTS
Topical Term Chinese language
General subdivision Textbooks for foreign speakers
-- English.
650 #0 - SUBJECTS
Topical Term Chinese language
General subdivision Self-instruction.
942 ## - ADDED ENTRY ELEMENTS (KOHA)
Koha item type Books
Holdings
Withdrawn status Lost status Collection code Home library Current library Shelving location Date acquired Full call number Accession Number Koha item type
    Reference Methodist University Library Main Methodist University Library Main General Stacks 04/06/2000 PL1129.E5 S28 31789 Books
    Reference Methodist University Library Main Methodist University Library Main General Stacks 04/06/2000 PL1129.E5 S28 31796 Books
    Reference Methodist University Library Main Methodist University Library Main General Stacks 04/06/2000 PL1129.E5 S28 31797 Books
    Reference Methodist University Library Main Methodist University Library Main General Stacks 04/06/2000 PL1129.E5 S28 31798 Books
    Reference Methodist University Library Main Methodist University Library Main General Stacks 04/06/2000 PL1129.E5 S28 31787 Books
    Reference Methodist University Library Main Methodist University Library Main General Stacks 04/02/2021 PL1129.E5 S28 31799 Books
      Methodist University Library Main Methodist University Library Main General Stacks 04/06/2010 PL1129.E5 S28 31788 Books
      Methodist University Library Main Methodist University Library Main General Stacks 04/06/2010 PL1129.E5 S28 31792 Books
      Methodist University Library Main Methodist University Library Main General Stacks 04/06/2010 PL1129.E5 S28 31791 Books
      Methodist University Library Main Methodist University Library Main General Stacks 04/06/2010 PL1129.E5 S28 31795 Books
      Methodist University Library Main Methodist University Library Main General Stacks 04/06/2010 PL1129.E5 S28 31794 Books
      Methodist University Library Main Methodist University Library Main General Stacks 04/06/2010 PL1129.E5 S28 31790 Books
Copyright © 2026  MUG Library